000
00275nam a22001217a 4500
008
230704b xxu||||| |||| 00| 0 eng d
082
_a
362.1
_b
WHO 1992
245
_a
World Health Forum
260
_b
WHO
_c
1992
300
_a
99p
440
_n
1
_v
13
_x
02512432
942
_2
ddc
_c
BK
999
_c
3774
_d
3774